[Event "Messina op 2nd"]
[Site "Messina"]
[Date "2012.08.31"]
[Round "7"]
[White "Altomonte, Giuseppe"]
[Black "Arito, Luigi"]
[Result "1-0"]
[WhiteElo "1860"]
[BlackElo "1921"]
[PlyCount "49"]
[EventDate "2012.08.27"]
[EventType "swiss"]
[EventRounds "8"]
[EventCountry "ITA"]
[SourceTitle "EXT 2014"]
[Source "ChessBase"]
[SourceDate "2013.11.20"]
[SourceVersion "1"]
[SourceVersionDate "2013.11.20"]
[SourceQuality "1"]

1. d4 Nf6 2. c4 c5 3. e3 cxd4 4. exd4 d5 5. Nc3 e6 6. Bf4 Be7 7. Nf3 0-0 8. Bd3 a6 9. 0-0 dxc4 10. Bxc4 b5 11. Bb3 Bb7 12. Re1 Bb4 13. Be5 Nd5 14. Qd3 Nd7 15. Bc2 g6 16. Qd2 Nxe5 17. Rxe5 Bxc3 18. bxc3 Qc7 19. Be4 Nf6 20. Bxb7 Qxb7 21. Qf4 Qe7 22. Rae1 Rfd8 23. Ng5 Rd6 24. Qh4 h5 25. Ne4 1-0

[Event "Messina op 2nd"]
[Site "Messina"]
[Date "2012.08.29"]
[Round "4"]
[White "Tricomi, Massimo"]
[Black "Altomonte, Giuseppe"]
[Result "0-1"]
[WhiteElo "1837"]
[BlackElo "1860"]
[PlyCount "110"]
[EventDate "2012.08.27"]
[EventType "swiss"]
[EventRounds "8"]
[EventCountry "ITA"]
[SourceTitle "EXT 2014"]
[Source "ChessBase"]
[SourceDate "2013.11.20"]
[SourceVersion "1"]
[SourceVersionDate "2013.11.20"]
[SourceQuality "1"]

1. e4 c5 2. Nf3 e6 3. d3 d5 4. Nbd2 Nc6 5. Be2 Qc7 6. c3 Nf6 7. 0-0 Be7 8. Re1 0-0 9. Bf1 dxe4 10. dxe4 Rd8 11. Qc2 b6 12. Nb3 Bb7 13. Bg5 Ne5 14. Nxe5 Qxe5 15. f4 Qc7 16. Bxf6 Bxf6 17. e5 Be7 18. Bd3 Rxd3 19. Qxd3 c4 20. Qc2 cxb3 21. axb3 g6 22. Rad1 a5 23. Kh1 Bc6 24. Rd2 b5 25. h3 Rc8 26. Kh2 Bd5 27. Rf1 Qb7 28. Re2 a4 29. bxa4 Bc4 30. axb5 Qxb5 31. Rfe1 Bxe2 32. Rxe2 Rc4 33. Qd3 Qa4 34. g3 Rc5 35. Rd2 Rd5 36. Qc2 Qd7 37. Rxd5 Qxd5 38. c4 Qd4 39. b3 Bc5 40. Qg2 Qe3 41. h4 Qxb3 42. Qe2 Qe3 43. Qd1 Qd4 44. Qa4 Qg1+ 45. Kh3 h5 46. Qa8+ Kg7 47. Qe4 Qf1+ 48. Qg2 Qxg2+ 49. Kxg2 Kf8 50. Kf3 Ke7 51. g4 f5 52. exf6+ Kxf6 53. Kg3 Bb4 54. Kh3 hxg4+ 55. Kxg4 Bd6 0-1

[Event "Costa Viola op 3rd"]
[Site "St Eufemia d'Aspromonte"]
[Date "2010.01.04"]
[Round "5"]
[White "Gregori, Giacomo"]
[Black "Altomonte, Giuseppe"]
[Result "1-0"]
[WhiteElo "1794"]
[BlackElo "1773"]
[PlyCount "105"]
[EventDate "2010.01.02"]
[EventType "swiss"]
[EventRounds "7"]
[EventCountry "ITA"]
[SourceTitle "EXT 2011"]
[Source "ChessBase"]
[SourceDate "2010.11.26"]
[SourceVersion "1"]
[SourceVersionDate "2010.11.26"]
[SourceQuality "1"]

1. d4 d5 2. Bf4 Nf6 3. e3 e6 4. Nf3 Ne4 5. Nbd2 Bd6 6. Bxd6 Qxd6 7. Nxe4 dxe4 8. Nd2 f5 9. c4 0-0 10. c5 Qe7 11. Bc4 Nd7 12. f3 exf3 13. Qxf3 c6 14. 0-0 Nf6 15. Qe2 Bd7 16. Nf3 Rad8 17. b4 Ne4 18. Bd3 Nc3 19. Qd2 Nd5 20. Bc4 Nf6 21. Ne5 Ng4 22. Nxg4 fxg4 23. Rf4 Rxf4 24. exf4 Qf6 25. Rd1 Be8 26. Qe3 Bf7 27. a4 Qf5 28. Re1 Qf6 29. Rd1 Qf5 30. Bb3 h5 31. b5 Kf8 32. Qe5 Qxe5 33. dxe5 Rxd1+ 34. Bxd1 Be8 35. Be2 cxb5 36. axb5 Bd7 37. Kf2 Bc8 38. Ke3 Ke7 39. Kd4 Kd7 40. Bd3 a6 41. Kc4 h4 42. g3 hxg3 43. hxg3 Kc7 44. b6+ Kc6 45. Be4+ Kd7 46. Kb4 g6 47. Ka5 g5 48. fxg5 Ke7 49. c6 bxc6 50. Bxc6 Kf7 51. b7 Bxb7 52. Bxb7 Kg6 53. Be4+ 1-0

[Event "Locri Province-ch"]
[Site "Locri"]
[Date "2009.02.21"]
[Round "3"]
[White "Tricomi, Massimo"]
[Black "Altomonte, Giuseppe"]
[Result "1/2-1/2"]
[WhiteElo "1874"]
[BlackElo "1743"]
[PlyCount "106"]
[EventDate "2009.02.20"]
[EventType "swiss"]
[EventRounds "5"]
[EventCountry "ITA"]
[SourceTitle "EXT 2011"]
[Source "ChessBase"]
[SourceDate "2010.11.26"]
[SourceVersion "1"]
[SourceVersionDate "2010.11.26"]
[SourceQuality "1"]

1. d4 d5 2. c4 c6 3. Nf3 Nf6 4. Nc3 e6 5. e3 Be7 6. Bd3 Nbd7 7. Qc2 dxc4 8. Bxc4 b5 9. Bd3 Bb7 10. 0-0 0-0 11. Bd2 b4 12. Na4 c5 13. Ne5 Rc8 14. Nxd7 Qxd7 15. Nxc5 Bxc5 16. dxc5 Rfd8 17. Bxh7+ Nxh7 18. Bxb4 Qb5 19. Ba3 Rd5 20. Rad1 Rcd8 21. Rxd5 Rxd5 22. Rd1 Qc6 23. f3 Qd7 24. Rxd5 Bxd5 25. b4 Qb5 26. Qc3 Qc4 27. Qxc4 Bxc4 28. c6 Bb5 29. c7 Bd7 30. b5 Nf6 31. Bc5 Nd5 32. Bxa7 Nc3 33. b6 Bc8 34. a3 Kf8 35. Kf2 Ke8 36. b7 Bxb7 37. Bd4 Nb5 38. Bxg7 Nxa3 39. h4 Ke7 40. g4 f6 41. g5 fxg5 42. hxg5 Nb5 43. Be5 Nd6 44. g6 Nc4 45. Bd4 e5 46. Bc5+ Kf6 47. Ke2 Kxg6 48. Kd3 Nb2+ 49. Kc3 Nd1+ 50. Kc2 Nf2 51. Kd2 Kf5 52. e4+ Nxe4+ 53. fxe4+ Kxe4 1/2-1/2

[Event "Bagnara Calabra op-B"]
[Site "Bagnara Calabra"]
[Date "2009.01.05"]
[Round "6"]
[White "Della Rocca, Giorgio"]
[Black "Altomonte, Giuseppe"]
[Result "1-0"]
[WhiteElo "1893"]
[BlackElo "1743"]
[PlyCount "47"]
[EventDate "2009.01.02"]
[EventType "swiss"]
[EventRounds "7"]
[EventCountry "ITA"]
[SourceTitle "CBM 128 Extra"]
[Source "ChessBase"]
[SourceDate "2009.03.05"]
[SourceVersion "2"]
[SourceVersionDate "2009.03.25"]
[SourceQuality "1"]

1. c4 d5 2. cxd5 Nf6 3. Qa4+ Qd7 4. Qxd7+ Bxd7 5. Nc3 c6 6. e4 cxd5 7. e5 Ng8 8. Nxd5 Kd8 9. d4 Nc6 10. Nf3 Bg4 11. Ng5 Nh6 12. Ne3 Bh5 13. g4 Bg6 14. f4 f6 15. Ne6+ Kd7 16. d5 Nb4 17. Bb5+ Kc8 18. Bd2 a6 19. Rc1+ Kb8 20. Bd7 Nd3+ 21. Ke2 Nxc1+ 22. Rxc1 b5 23. Ba5 Be4 24. Nd8 1-0

[Event "Bagnara Calabra op-B"]
[Site "Bagnara Calabra"]
[Date "2008.01.05"]
[Round "5"]
[White "Alvaro, Francesco"]
[Black "Altomonte, Giuseppe"]
[Result "0-1"]
[WhiteElo "1488"]
[BlackElo "1734"]
[PlyCount "96"]
[EventDate "2008.01.02"]
[EventType "swiss"]
[EventRounds "7"]
[EventCountry "ITA"]
[SourceTitle "EXT 2009"]
[Source "ChessBase"]
[SourceDate "2008.11.26"]
[SourceVersion "1"]
[SourceVersionDate "2008.11.26"]
[SourceQuality "1"]

1. e4 c5 2. c3 d5 3. exd5 Qxd5 4. d4 cxd4 5. cxd4 Nc6 6. Nf3 Nf6 7. Be2 e6 8. 0-0 Be7 9. Nc3 Qd8 10. Be3 0-0 11. Bd3 Nb4 12. Rc1 Nxd3 13. Qxd3 Nd5 14. a3 b6 15. Ne5 Bb7 16. Qb5 Rc8 17. Qd7 Qxd7 18. Nxd7 Rfd8 19. Ne5 a6 20. Nxd5 Bxd5 21. f3 f6 22. Ng4 Kf7 23. Nf2 Ke8 24. Ne4 Kd7 25. Rc3 Rxc3 26. Nxc3 Bb3 27. Rc1 Rc8 28. d5 exd5 29. Bxb6 Bc5+ 30. Bxc5 Rxc5 31. Re1 d4 32. Nb1 Rc2 33. Rd1 Rxg2+ 34. Kxg2 Bxd1 35. Nd2 Kc6 36. f4 Bh5 37. Kf2 Kd5 38. b4 g5 39. fxg5 fxg5 40. a4 Be8 41. Nf3 Bxa4 42. Nxg5 Bc2 43. Ke2 Kc4 44. Kd2 Bg6 45. Ne6 d3 46. Nf4 Kxb4 47. Nxd3+ Bxd3 48. Kxd3 Kb3 0-1

[Event "Bagnara Calabra op-B"]
[Site "Bagnara Calabra"]
[Date "2008.01.05"]
[Round "6"]
[White "Rizzuti, Pasquale"]
[Black "Altomonte, Giuseppe"]
[Result "1/2-1/2"]
[WhiteElo "1832"]
[BlackElo "1734"]
[PlyCount "112"]
[EventDate "2008.01.02"]
[EventType "swiss"]
[EventRounds "7"]
[EventCountry "ITA"]
[SourceTitle "EXT 2009"]
[Source "ChessBase"]
[SourceDate "2008.11.26"]
[SourceVersion "1"]
[SourceVersionDate "2008.11.26"]
[SourceQuality "1"]

1. g3 g6 2. Bg2 Bg7 3. c4 c5 4. Nc3 Nc6 5. Nf3 Nf6 6. d4 cxd4 7. Nxd4 0-0 8. 0-0 Nh5 9. Nc2 Bxc3 10. bxc3 Qc7 11. Bh6 Rd8 12. Ne3 Nf6 13. Nd5 Nxd5 14. cxd5 Na5 15. Qd4 f6 16. Rfd1 d6 17. h4 Bd7 18. Rab1 b6 19. e4 Qc4 20. Qxc4 Nxc4 21. Bf1 Ne5 22. Be3 b5 23. Bxb5 a6 24. Be2 Bb5 25. Kf1 Rdc8 26. Bd4 Nc4 27. Rb4 Na3 28. Rc1 Bxe2+ 29. Kxe2 Rab8 30. Rb3 Nb5 31. Be3 Rc4 32. Kd3 Rbc8 33. f3 Kf7 34. g4 e6 35. dxe6+ Kxe6 36. Bd2 f5 37. Rb4 Rxb4 38. cxb4 Rxc1 39. Bxc1 fxe4+ 40. fxe4 Ke5 41. a4 Nc7 42. Ke3 d5 43. Bb2+ Kd6 44. e5+ Kc6 45. Kd3 Ne6 46. Bc1 Nc7 47. Bd2 Ne6 48. Be3 Nc7 49. Bc5 Ne6 50. Bd6 Nf4+ 51. Kd2 d4 52. Bb8 Kd5 53. a5 Kc4 54. Bd6 Ne6 55. h5 Ng5 56. hxg6 hxg6 1/2-1/2

[Event "Calabria Province-ch"]
[Site "San Fili"]
[Date "2007.06.10"]
[Round "4"]
[White "Scalise, Sandro"]
[Black "Altomonte, Giuseppe"]
[Result "0-1"]
[WhiteElo "1598"]
[BlackElo "1734"]
[PlyCount "84"]
[EventDate "2007.06.08"]
[EventType "swiss"]
[EventRounds "5"]
[EventCountry "ITA"]
[SourceTitle "EXT 2010"]
[Source "ChessBase"]
[SourceDate "2010.11.25"]
[SourceVersion "1"]
[SourceVersionDate "2010.11.25"]
[SourceQuality "1"]

1. d4 d5 2. Nf3 Nf6 3. Bf4 e6 4. e3 c5 5. c3 Nc6 6. Bd3 c4 7. Bc2 b5 8. Nbd2 Bd6 9. Ne5 Qc7 10. Ndf3 Ne4 11. Nxc6 Bxf4 12. exf4 Qxc6 13. Ne5 Qc7 14. Qg4 f5 15. Qh5+ g6 16. Qh6 Rg8 17. Bxe4 dxe4 18. Kd2 Bb7 19. Ke3 Qg7 20. Qxg7 Rxg7 21. a4 Bd5 22. axb5 Rb7 23. Ra5 Rab8 24. Rha1 Rxb5 25. Rxa7 R5b7 26. R1a2 Rxb2 27. Rxb2 Rxb2 28. Rxh7 Rc2 29. g3 Rxc3+ 30. Kd2 Ra3 31. Rh8+ Ke7 32. Rh7+ Kd8 33. Nxg6 Ra2+ 34. Kc3 Rxf2 35. Ne5 e3 36. Ra7 e2 37. Kd2 Rxh2 38. Ra1 Rg2 39. Re1 Kc7 40. Rxe2 c3+ 41. Ke1 Rxg3 42. Kf2 Rh3 0-1

[Event "Calabria Province-ch"]
[Site "San Fili"]
[Date "2007.06.09"]
[Round "2"]
[White "Magli, Francesco"]
[Black "Altomonte, Giuseppe"]
[Result "1/2-1/2"]
[WhiteElo "1479"]
[BlackElo "1734"]
[PlyCount "90"]
[EventDate "2007.06.08"]
[EventType "swiss"]
[EventRounds "5"]
[EventCountry "ITA"]
[SourceTitle "EXT 2010"]
[Source "ChessBase"]
[SourceDate "2010.11.25"]
[SourceVersion "1"]
[SourceVersionDate "2010.11.25"]
[SourceQuality "1"]

1. e4 c6 2. d4 d5 3. exd5 cxd5 4. Nf3 Nf6 5. c4 e6 6. a3 Be7 7. Nc3 0-0 8. c5 Ne4 9. g3 Nxc3 10. bxc3 b6 11. cxb6 axb6 12. a4 Ba6 13. Bf4 Bxf1 14. Kxf1 Qc8 15. Qd2 Qc4+ 16. Kg2 Rxa4 17. Ne5 Qa6 18. Rxa4 Qxa4 19. Ng4 Nd7 20. h4 Qa3 21. Qc2 Rc8 22. Rc1 b5 23. Qe2 Qb3 24. Ne3 Nf6 25. Nf5 Ba3 26. Nxg7 Bxc1 27. Be5 Qb1 28. Bxf6 Qe4+ 29. Qxe4 dxe4 30. Nh5 Rxc3 31. d5 Rd3 32. dxe6 fxe6 33. Be5 b4 34. Nf6+ Kf7 35. Nxe4 Bd2 36. Kf1 Rd5 37. f4 b3 38. Ke2 Bc1 39. Bc3 b2 40. Bxb2 Bxb2 41. Ng5+ Rxg5 42. hxg5 Kg6 43. Kf3 e5 44. Ke4 exf4 45. gxf4 Bc1 1/2-1/2

[Event "Praia op 1st"]
[Site "Praia a Mare"]
[Date "2007.04.07"]
[Round "5"]
[White "Altomonte, Giuseppe"]
[Black "Gad, Alessandro"]
[Result "1-0"]
[WhiteElo "1734"]
[BlackElo "1440"]
[PlyCount "51"]
[EventDate "2007.04.05"]
[EventType "swiss"]
[EventRounds "5"]
[EventCountry "ITA"]
[SourceTitle "EXT 2023"]
[Source "ChessBase"]
[SourceDate "2022.10.05"]
[SourceVersion "1"]
[SourceVersionDate "2022.10.05"]
[SourceQuality "1"]

1. e4 e5 2. Nf3 d6 3. Bc4 Nf6 4. Ng5 d5 5. exd5 Nxd5 6. Nxf7 Kxf7 7. Qf3+ Ke6 8. Nc3 c6 9. 0-0 b5 10. Bb3 b4 11. Ne2 Qf6 12. Qg4+ Qf5 13. Nd4+ exd4 14. Re1+ Kf6 15. Qxd4+ Kf7 16. Re3 Kg8 17. Re5 Bc5 18. Bxd5+ cxd5 19. Qxd5+ Qf7 20. Qd8+ Bf8 21. Qxc8 Nd7 22. Qxa8 Nxe5 23. d4 Ng4 24. Be3 Nxe3 25. fxe3 Qc4 26. Rf1 1-0

[Event "Praia op 1st"]
[Site "Praia a Mare"]
[Date "2007.04.06"]
[Round "2"]
[White "Altomonte, Giuseppe"]
[Black "Cordi, Domenico"]
[Result "0-1"]
[WhiteElo "1734"]
[BlackElo "2084"]
[PlyCount "110"]
[EventDate "2007.04.05"]
[EventType "swiss"]
[EventRounds "5"]
[EventCountry "ITA"]
[SourceTitle "EXT 2023"]
[Source "ChessBase"]
[SourceDate "2022.10.05"]
[SourceVersion "1"]
[SourceVersionDate "2022.10.05"]
[SourceQuality "1"]

1. e4 c5 2. Nf3 d6 3. d4 cxd4 4. Nxd4 Nf6 5. Nc3 a6 6. a4 g6 7. Be2 Bg7 8. Be3 0-0 9. Qd2 Nc6 10. Nxc6 bxc6 11. Bh6 Qb6 12. Bxg7 Kxg7 13. b3 Qb4 14. Bd3 e5 15. Nb1 Qb7 16. 0-0 d5 17. Nc3 Nh5 18. Ne2 f5 19. f3 f4 20. Qa5 Rb8 21. exd5 cxd5 22. Nc3 Nf6 23. Rae1 Re8 24. Re2 Qb6+ 25. Qxb6 Rxb6 26. Rfe1 Rbe6 27. a5 Bd7 28. b4 d4 29. Ne4 Nxe4 30. Rxe4 Kf6 31. R4e2 Rb8 32. Rb1 Bb5 33. Bxb5 Rxb5 34. Rb3 Rc6 35. Rd2 Ke6 36. c3 dxc3 37. Rc2 Kd5 38. Rbxc3 Rxc3 39. Rxc3 Rxb4 40. Rc7 Rb5 41. Rxh7 Rxa5 42. Rg7 Ra1+ 43. Kf2 a5 44. Rxg6 a4 45. h4 Kc4 46. Ra6 Kb4 47. h5 Rh1 48. h6 a3 49. Ke2 Rh2 50. Kd3 Rxg2 51. Ke4 Rg5 52. h7 Rh5 53. h8Q Rxh8 54. Kxe5 Rh5+ 55. Kxf4 Ra5 0-1